[Event "Padova op-A 12th"]
[Site "Padova"]
[Date "2009.12.13"]
[Round "1.17"]
[White "Rettore, Ludwig"]
[Black "Sitta, Marco"]
[Result "1-0"]
[WhiteElo "2197"]
[BlackElo "1572"]
[PlyCount "91"]
[EventDate "2009.12.13"]
[EventType "swiss"]
[EventRounds "9"]
[EventCountry "ITA"]
[SourceTitle "EXT 2024"]
[Source "ChessBase"]
[SourceDate "2023.10.10"]
[SourceVersion "1"]
[SourceVersionDate "2023.10.10"]
[SourceQuality "1"]

1. d4 b6 2. e4 Bb7 3. Bd3 Nf6 4. Qe2 e6 5. Nf3 c5 6. c3 cxd4 7. cxd4 d5 8. e5 Ne4 9. 0-0 Be7 10. Nbd2 Nxd2 11. Bxd2 0-0 12. Rfe1 a5 13. Qe3 Ba6 14. Bc2 Nc6 15. a3 Rc8 16. Rac1 Qd7 17. h4 f6 18. exf6 Bxf6 19. Bc3 Rce8 20. Ng5 Bxg5 21. Qxg5 Qf7 22. Qg3 Qf4 23. Qxf4 Rxf4 24. g3 Rf6 25. f4 Ne7 26. Kf2 h5 27. Re5 g6 28. Rce1 Kf7 29. Ba4 b5 30. Bb3 Nc6 31. R5e3 b4 32. axb4 axb4 33. Ba4 Rc8 34. Bxc6 Rxc6 35. Bxb4 Rc2+ 36. Kf3 Rxb2 37. Bd6 Rb6 38. Be5 Rf5 39. Rc1 Bc4 40. Ra3 Rb7 41. Ra8 Rb3+ 42. Kf2 Rb2+ 43. Kg1 Rb7 44. Rh8 Ba6 45. Rh7+ Kg8 46. Rc8+ 1-0

[Event "Chioggia op-B 04th"]
[Site "Chioggia"]
[Date "2009.10.11"]
[Round "4"]
[White "Sitta, Marco"]
[Black "Filippi, Simone"]
[Result "1/2-1/2"]
[WhiteElo "1518"]
[BlackElo "1664"]
[PlyCount "49"]
[EventDate "2009.10.09"]
[EventType "swiss"]
[EventRounds "5"]
[EventCountry "ITA"]
[SourceTitle "EXT 2022"]
[Source "ChessBase"]
[SourceDate "2021.10.06"]
[SourceVersion "1"]
[SourceVersionDate "2021.10.06"]
[SourceQuality "1"]

1. d4 Nf6 2. Nf3 g6 3. e3 d6 4. Bd3 Bg7 5. Nbd2 0-0 6. 0-0 Nbd7 7. c3 c5 8. a4 a6 9. b4 cxd4 10. cxd4 Ne8 11. Qb3 Ndf6 12. Ne4 Bg4 13. Nxf6+ Nxf6 14. Nd2 e5 15. Bb2 Be6 16. Bc4 d5 17. Be2 e4 18. Rfc1 Qe7 19. b5 Qd7 20. Ba3 Rfc8 21. Rxc8+ Qxc8 22. Rc1 Qd7 23. b6 Rc8 24. Rxc8+ Qxc8 25. Nb1 1/2-1/2